Nombra este gato - imágenes - Estadísticas

Estadísticas generales
  • Esta prueba ha sido intentada 179 veces
  • La puntuación promedio es 8 de 12
Estadísticas de respuestas
Imagen Respuesta % Correcto
Tigre
99%
león
96%
gato doméstico
88%
linces
79%
guepardo
76%
Léopardo
76%
Puma
76%
Jaguar
73%
gato montés
52%
leopardo de las nieves
29%
Ocelot
27%
Serval
19%
No se encontraron pruebas coincidentes
Distribución de puntuación
Porcentaje de gente con cada puntuación
Porcentaje por número respondido
Historial de tus puntuaciones
No has intentado esta prueba.